La Evolución de las Teorías Científicas. Aproximación a innovaciones epistemológicas desde la ciencia de la complejidad.
Guardat en:
| Autor principal: | |
|---|---|
| Format: | Llibre |
| Idioma: | anglès |
| Publicat: |
Valparaíso, Chile:
Ediciones Universitarias de Valparaíso,
2021
|
| Col·lecció: | Complejidad; Colección Ciencias.
|
| Matèries: | |
| Etiquetes: |
Afegir etiqueta
Sense etiquetes, Sigues el primer a etiquetar aquest registre!
|
MARC
| LEADER | 00000nam a22000007a 4500 | ||
|---|---|---|---|
| 003 | CL-VaPUC | ||
| 005 | 20220908103339.0 | ||
| 008 | 220615b2021 ||||| |||| 00| 0 eng d | ||
| 999 | |c 436046 |d 436044 | ||
| 020 | |a 978-956-17-0954-6 | ||
| 040 | |c Pontificia Universidad Católica de Valparaíso | ||
| 082 | 0 | 4 | |2 22 |a 501 FUE 2021 |
| 100 | 1 | |a Fuentes, Miguel |e autor |9 870768 | |
| 245 | 1 | 3 | |a La Evolución de las Teorías Científicas. |b Aproximación a innovaciones epistemológicas desde la ciencia de la complejidad. |
| 260 | |a Valparaíso, Chile: |b Ediciones Universitarias de Valparaíso, |c 2021 | ||
| 300 | |a 139 páginas. | ||
| 490 | 0 | |a Complejidad; |a Colección Ciencias. | |
| 500 | |a C.1 Donación. Ediciones Universitarias de Valparaíso. Memo 03/05/2022 | ||
| 583 | |c 20220615 |k Catalogador Asistente | ||
| 650 | 1 | |a Complejidad |x Teorías científicas |9 874665 | |
| 650 | 1 | |a Epistemología de la ciencia |9 546869 | |
| 650 | 1 | |a Filosofía de las ciencias |9 256466 | |
| 942 | |2 ddc |c BK | ||
| 952 | |0 0 |1 0 |2 ddc |4 0 |6 501_000000000000000_FUE_2021 |7 0 |8 A |9 583773 |a BIBCUR |b BIBCUR |c GEN |d 2022-06-15 |e Donación |i 5651907 |o 501 FUE 2021 |p 5651907 |r 2025-04-22 |t 1 |w 2022-06-15 |y BK |k CAC | ||